000 00581nam a22001937a 4500
003 OSt
005 20210426081141.0
008 210215s1930 ||||| |||| 00| 0 eng d
040 _aeng
_beng
_cDLC
041 _aeng
080 _a15
_bF-33
100 _9888
_aFearing, Franklin
245 _aReflex Action
_b: A Study in the History of Physiological Psychology
_c/ by: The Williams and Wilkins Company
260 _aBaltimore
_bThe Williams and Wilkins Company
_c1930
300 _a353 p.
650 0 _9134
_aPsychology
653 _aფსიქოლოგია
942 _2udc
_cBK
999 _c1390
_d1390